Molecular basis of mutation (Record no. 28409)

MARC details
000 -LEADER
fixed length control field 00340nam a2200133Ia 4500
082 ## - DEWEY DECIMAL CLASSIFICATION NUMBER
Classification number 575.224
Item number DRA
100 ## - MAIN ENTRY--AUTHOR NAME
Personal name DRAKE, John W
245 #0 - TITLE STATEMENT
Title Molecular basis of mutation
260 ## - PUBLICATION, DISTRIBUTION, ETC. (IMPRINT)
Place of publication San Francisco
Name of publisher Holden Day
Year of publication 1970
650 ## - SUBJECT ADDED ENTRY--TOPICAL TERM
Topical Term Chemical mutagenesis
650 ## - SUBJECT ADDED ENTRY--TOPICAL TERM
Topical Term Mutation
942 ## - ADDED ENTRY ELEMENTS (KOHA)
Koha item type Books
Holdings
Withdrawn status Lost status Damaged status Not for loan Home library Current library Date acquired Full call number Accession Number Koha item type
        RRII Library RRII Library 16/12/2021 575.224 DRA 09010 Books